KOHA-Header-6

Modern Enginering Mathematics (Record no. 7184)

000 -LEADER
fixed length control field 00260nam a2200109Ia 4500
100 ## - MAIN ENTRY--AUTHOR NAME
Personal name James,Glyn
245 #0 - TITLE STATEMENT
Title Modern Enginering Mathematics
260 ## - PUBLICATION, DISTRIBUTION, ETC. (IMPRINT)
Place of publication England
Name of publisher Macmillan
Year of publication 1992
300 ## - PHYSICAL DESCRIPTION
Number of Pages 904
942 ## - ADDED ENTRY ELEMENTS (KOHA)
Koha item type Books
Holdings
Withdrawn status Lost status Collection code Permanent Location Current Location Shelving location Date acquired Full call number Accession Number Koha item type
    Mathematics MAJU MAJU Shelf No.A26 2019-09-12 621.3 912 Mathematics

Powered by Koha